000 00760nam a22002297a 4500
003 UA-OsUOA
001 101680
007 ta
008 20130704b un ||||| |||| 00| 0 ukr d
100 _aСторонянська І.З.
700 _aБеновська Л.Я.
090 _a330(477)
_bС82
942 _cSA
040 _aUA-OsUOA
_bukr
_cUA-OsUOA
_dUA-OsUOA
245 _aОсновний та оборотний капітал реального сектору економіки: міжрегіональні асиметрії
300 _aС.17-26
955 _a0
041 _aukr
080 _a330(477)
773 0 _w101679
_tРегіональна економіка
_dЛьвів
_d2013
_g1
650 7 _a330 Економіка взагалі
_2UDC
999 _c387896
_d387896